Una giornata particolare /

Gorde:
Xehetasun bibliografikoak
Egile nagusia: Trovajoli, Armando (Konpositorea)
Beste egile batzuk: Scola, Ettore (Zuzendaria), Loren, Sophia (Aktorea), De Santis, Pasqualino (Argazkilaria), Maccari, Ruggero (Eszenan ipintzen duena), Mastroianni, Marcello (Aktorea), Berd, Francoise (Aktorea), Magny, Nicole (Aktorea), Sabbatini, Enrico, Ricceri, Luciano, Vernon, John (Aktorea)
Formatua: Diapositiba
Hizkuntza:italiera
Argitaratua: Roma : L'Unità, 1995
Saila:Capolavori italiani ; 4
Etiketak: Etiketa erantsi
Etiketarik gabe, Izan zaitez lehena erregistro honi etiketa jartzen!

MARC

LEADER 00000ngm a22000007i 4500
001 IT\ICCU\RAV\0279237
003 ItRI
005 20260124182809.0
008 960917s1995 it |||||||||||||||k|||||c
040 |b ita 
041 7 |a ita  |2 ISO-639-2 
082 |a 791.43616D  |9 CINEMA. TIPI DI FILM. FILM DRAMMATICI  |2 20 
130 4 |a Una giornata particolare <film ; 1977>  |3 IT\ICCU\CAG\0557125 
245 0 4 |a Una giornata particolare /  |c un film di Ettore Scola ; sceneggiatura di Ruggero Maccari ; fotografia di Pasqualino De Santis ; musica di Armando Trovajoli. 
246 1 3 |a Una giornata particolare <videoregistrazione>  |9 IT\ICCU\MOD\0904123 
260 |a Roma :  |b L'Unità,  |c 1995 
300 |a 1 videocassetta (VHS) (ca. 105 min.) :  |b color. +  |e 1 pieghevole ([8] p. ill : 17 x 10 x 40 cm, ripiegato, 17 x 10 cm) 
500 |a Titolo del contenitore 
500 |a Interpreti: Sophia Loren, Marcello Mastroianni, John Vernon, Francois Berd, Nicole Magny 
500 |a Produzione cinematografica: Italia/Canada, 1977 
500 |a Supplemento a L'Unità n. 41 del 18/2/1995 
700 1 |a Scola, Ettore  |0 IT\ICCU\CFIV\059523  |4 drt 
700 1 |a Loren, Sophia  |0 IT\ICCU\CFIV\061582  |4 act 
700 1 |a De Santis, Pasqualino  |0 IT\ICCU\MODV\315239  |4 pht 
700 1 |a Maccari, Ruggero  |0 IT\ICCU\RAVV\054156  |4 sce 
700 1 |a Mastroianni, Marcello  |0 IT\ICCU\RAVV\088390  |4 act 
700 1 |a Berd, Francoise  |0 IT\ICCU\RAVV\364721  |4 act 
700 1 |a Magny, Nicole  |0 IT\ICCU\RAVV\364722  |4 act 
700 1 |a Trovajoli, Armando  |0 IT\ICCU\RMLV\039151  |4 cmp 
700 1 |a Sabbatini, Enrico  |0 IT\ICCU\TO0V\063653 
700 1 |a Ricceri, Luciano  |0 IT\ICCU\TO0V\063744 
700 1 |a Vernon, John  |0 IT\ICCU\TO0V\262551  |4 act 
790 1 |a Scicolone, Sofia  |3 IT\ICCU\CFIV\061583  |z Loren, Sophia 
790 1 |a De Santis, Pasquale  |3 IT\ICCU\SBNV\028250  |z De Santis, Pasqualino 
790 1 |a Vatro, Roman  |3 IT\ICCU\CFIV\207827  |z Trovajoli, Armando 
790 1 |a Trovaioli, Armando  |3 IT\ICCU\CFIV\213409  |z Trovajoli, Armando 
790 1 |a Travaioli, Armando  |3 IT\ICCU\SBNV\034025  |z Trovajoli, Armando 
790 1 |a Berman, Francis  |3 IT\ICCU\SBNV\056251  |z Trovajoli, Armando 
830 0 |a Capolavori italiani ;  |v 4  |0 IT\ICCU\RAV\0279143 
942 |2 ddc  |c VM  |n 0 
952 |0 0  |1 0  |4 0  |6 VO_980_000000000000000  |7 0  |9 26436  |a BO  |b BO  |d 2026-01-24  |i 8199  |l 0  |o VO 980  |p BO8199  |r 2026-01-24 18:28:09  |w 2026-01-24  |x [Sebina 5] [1 videocassetta]  |y VM  |z 1 videocassetta 
999 |c 22344  |d 22344